[Event "XVII MetLife Najdorf Open 2017"]
[Site "Warsaw"]
[Date "2017.07.09"]
[Round "1.37"]
[White "Zlatin, Alexander"]
[Black "Romanishin, Oleg M"]
[Result "0-1"]
[WhiteElo "2259"]
[BlackElo "2463"]
[Annotator "TA"]
[PlyCount "116"]
[EventDate "2017.??.??"]
[EventType "swiss"]
[EventCountry "POL"]
[SourceTitle "playchess.com"]
[Source "ChessBase"]
[SourceQuality "1"]

{[%evp 10,116,29,0,2,10,30,20,37,-21,-11,-25,-4,-106,-104,-110,-81,-99,-97,-100,-111,-130,-109,-118,-124,-166,-150,-146,-135,-151,0,-40,-31,-32,0,-41,-41,-37,-29,-79,-80,-161,-164,-164,-171,-159,-165,-148,-170,-160,-147,-119,-101,-107,-77,-98,-112,-73,-14,-79,-77,-126,-118,-413,-394,-523,-412,-435,-423,-514,-415,-397,-397,-398,-365,-320,-268,-272,-270,-301,-264,-258,-277,-341,-319,-378,-366,-422,-421,-416,-408,-5800,-4132,-29976,-29977,-29977,-29978,-29978,-29977,-29976,-29978,-29980,-29981,-29985,-29982,-29982,-29983,-29983,-29982]} 1. e4 e5 2. Nf3 Nc6 3. Bc4 Nf6 4. d3 Be7 5. c3 O-O 6. Bb3 {LiveBook: 148 Games} a5 {C55: Two Knights: 4 d3, 4 d4 exd4 5 e5 and Max Lange Attack} (6... d6 7. O-O Na5 8. Bc2 c5 9. d4 cxd4 10. cxd4 Nc6 11. d5 Nb4 12. Bb3 a5 13. a3 Na6 14. Bc2 Bd7 15. Bd2 a4 16. Re1 b5 {0-1 (48) Tiviakov,S (2639)-Nikolic,P (2601) Leiden 2015}) 7. Nbd2 d6 8. h3 b5 {The position is equal.} 9. a3 $146 ({Better is} 9. a4 $14) ({Predecessor:} 9. a4 b4 10. O-O Ba6 11. Nc4 Qc8 12. Ne3 g6 13. Nd5 Nxd5 14. Bxd5 {0-1 (41) Simons,D (1876)-Hater,W (2052) Germany 2013}) 9... a4 $11 10. Ba2 Be6 (10... Nh5 {keeps more tension.} 11. O-O Nf4 12. Nb1 Bg5 13. Be3 Bh6) 11. g4 (11. Bxe6 $11 fxe6 12. O-O) 11... Bxa2 $17 12. Rxa2 Nd7 13. Nf1 {[%cal Bd2f1,Bf1e3,Be3f5][%mdl 32]} Nc5 14. Ne3 Na5 15. Nf5 Nab3 16. Be3 g6 17. Nh6+ Kh8 18. h4 Bf6 19. h5 g5 $2 (19... Ne6 $17 20. d4 exd4 21. cxd4 c5 22. dxc5 dxc5 23. Qxd8 Raxd8) 20. Qc2 Ne6 21. Nd2 $1 {[%cal Rd2b3]} Nbc5 22. b4 axb3 $1 23. Nxb3 Na4 24. Rh3 d5 {[%cal Bd6d5,Bd5d4][%mdl 32]} 25. c4 (25. Rf3 $17 {keeps fighting.}) 25... bxc4 $19 26. dxc4 d4 27. Bd2 Nf4 28. Bxf4 exf4 29. c5 Nc3 30. Ra1 Qe7 {[#] Hoping for ...d3.} 31. Kf1 Qxe4 32. Qxe4 Nxe4 33. Rd3 Ra4 (33... Bg7 $17 34. Nf5 Rfb8) 34. c6 (34. Re1 $11 {keeps the balance.} Re8 35. Nf5) 34... Rc4 $36 {[%mdl 2048] Black is in control.} 35. Nf5 {[%cal Rb3d4]} Rc2 36. Re1 $2 {[%mdl 8192]} (36. f3 $17 Ng3+ 37. Nxg3 fxg3 38. Rc1) 36... Nxf2 37. Rxd4 Nxg4 {[#] aiming for ...Nh2+.} 38. Rd3 Rxc6 39. Rd7 Ne5 40. Rd5 Nf3 41. Rc1 Rxc1+ 42. Nxc1 Nh4 43. Nxh4 gxh4 {[%mdl 4096] Endgame KRB-KRN} 44. Rf5 Bb2 45. Nd3 Bxa3 46. Nxf4 Bd6 47. h6 c5 {[%cal Bc7c5,Bc5c4,Bc4c3,Bc3c2][%mdl 32]} 48. Kg2 Bxf4 49. Rxf4 {KR-KR} Rc8 50. Rxf7 (50. Rc4 $142) 50... c4 51. Kh3 c3 {Black mates.} 52. Rf1 c2 53. Rc1 Rc4 54. Rf1 Kg8 55. Rg1+ Kf7 56. Rf1+ Kg6 57. Rg1+ Kxh6 58. Rc1 Kg6 {Precision: White = 28%, Black = 63%.} 0-1

[Event "XVII MetLife Najdorf Open 2017"]
[Site "Warsaw"]
[Date "2017.07.09"]
[Round "1.38"]
[White "Gusain, Himal"]
[Black "Reza, Wojciech"]
[Result "1/2-1/2"]
[WhiteElo "2461"]
[BlackElo "2258"]
[Annotator "TA"]
[PlyCount "72"]
[EventDate "2017.??.??"]
[EventType "swiss"]
[EventCountry "POL"]
[SourceTitle "playchess.com"]
[Source "ChessBase"]
[SourceQuality "1"]

{[%evp 16,72,-8,0,1,10,32,16,48,50,32,33,41,8,2,0,0,-10,4,-26,31,28,38,34,59,16,50,0,0,0,19,-16,-14,-8,-10,-9,-16,-15,0,-16,-7,-8,-12,0,-9,-45,-35,-29,-22,-20,0,0,0,0,0,0,0,0,0]} 1. e4 e5 2. Nf3 Nc6 3. d4 exd4 4. Nxd4 Nf6 {[%cal Bg8f6,Bf6d5,Bd5b6][%mdl 32]} 5. Nxc6 bxc6 6. e5 Qe7 7. Qe2 Nd5 8. c4 Nb6 9. Nc3 Bb7 {C45: Scotch Game} (9... Qe6 10. Qe4 g6 11. Bd2 Bg7 12. c5 Nd5 13. Bc4 Qxe5 14. Qxe5+ Bxe5 15. Bxd5 cxd5 16. O-O-O O-O 17. Nxd5 Rb8 18. Bc3 Bxc3 19. Nxc3 {1-0 (49) Yu,Y (2729)-Dominguez Perez,L (2739) Doha 2016}) 10. Bd2 Qe6 11. O-O-O Ba6 {[%cal Ra6c4]} 12. b3 $1 Ba3+ 13. Kc2 $1 O-O 14. Qe4 $146 ({Predecessor:} 14. Qh5 Rae8 15. Re1 Qg6+ 16. Qxg6 fxg6 17. f4 {1-0 (27) Pugh,J (2441)-Ramirez,A (2326) ICCF corr 2002}) 14... f5 15. Qe3 Rae8 16. f4 {[%cal Bf2f4,Bf4e5][%mdl 32]} d6 17. Re1 dxe5 (17... Bb4 $11) 18. Qxe5 $14 Qxe5 19. fxe5 Bc8 20. Nb1 Bc5 21. Bc3 f4 $36 {[%mdl 2048] Black has some pressure.} 22. Bd3 Bf2 ({But not} 22... f3 $6 23. gxf3 Rxf3 24. Nd2 $16) 23. Ref1 (23. Re2 $5 {[%cal Re2f2]} Be3 24. Be4 $11) 23... Be3 24. Be4 Bf5 25. Bxf5 Rxf5 26. Rd1 Rg5 27. g3 $1 fxg3 28. hxg3 Rxg3 29. Rh2 Bf4 30. Re2 (30. Rf2 {keeps more tension.} Rg4 31. a4 h5 32. a5 Nc8 33. Rd4) 30... Re3 31. Rxe3 Bxe3 32. a4 {[%cal Ba2a4,Ba4a5][%mdl 32] The position is equal.} Kf7 33. a5 Nc8 34. Rd7+ $1 Re7 35. Rd8 {[#] Kd3 is the strong threat.} Re8 36. Rd7+ Re7 {Precision: White = 74%, Black = 52%.} 1/2-1/2

[Event "XVII MetLife Najdorf Open 2017"]
[Site "Warsaw"]
[Date "2017.07.09"]
[Round "1.39"]
[White "Kiolbasa, Oliwia"]
[Black "Drozdowski, Kacper"]
[Result "0-1"]
[WhiteElo "2253"]
[BlackElo "2461"]
[Annotator "RC"]
[PlyCount "116"]
[EventDate "2017.??.??"]
[EventType "swiss"]
[EventCountry "POL"]
[SourceTitle "playchess.com"]
[Source "ChessBase"]
[SourceQuality "1"]
[TimeControl "40/5400+30:1800+30"]

1. e4 d6 2. d4 Nf6 3. Nc3 Nc6 4. d5 Nb8 5. Nf3 g6 6. Bd3 Bg7 7. O-O O-O 8. Ne2 Bg4 9. Ng3 c6 10. c4 Nbd7 11. h3 Bxf3 12. Qxf3 Ne5 13. Qe2 cxd5 14. cxd5 Nxd3 15. Qxd3 Nd7 16. Be3 Nc5 17. Qd2 Qd7 18. Rac1 Rfc8 19. Bd4 Bxd4 20. Qxd4 Qa4 21. Qxa4 Nxa4 22. b3 Nc3 23. Rc2 Rc5 24. Rd2 b5 25. f3 b4 26. Ne2 Nxe2+ 27. Rxe2 a5 28. Rd1 Rac8 29. Rdd2 Kg7 30. h4 Rc1+ 31. Kh2 Kf6 32. Kg3 R8c3 33. e5+ Kg7 34. Kf4 Rc7 35. exd6 exd6 36. Kg3 Kf6 37. Kf2 h5 38. Kg3 Rh1 39. Rd4 Rhc1 40. Rdd2 R1c5 41. Kf4 Rc3 42. Kg3 Rc1 43. Kf2 Re7 44. Rxe7 Kxe7 45. Ke3 Rh1 46. Rc2 Re1+ 47. Kd3 Rd1+ 48. Rd2 Rxd2+ 49. Kxd2 Kf6 50. Kd3 Ke5 51. Kc4 f6 52. Kb5 Kxd5 53. Kxa5 Kc5 54. Ka4 d5 55. a3 bxa3 56. Kxa3 Kd4 57. Kb2 Kd3 58. g4 d4 0-1

[Event "XVII MetLife Najdorf Open 2017"]
[Site "Warsaw"]
[Date "2017.07.09"]
[Round "1.40"]
[White "Bilguun, Sumiya"]
[Black "Krstulovic, Alex"]
[Result "1-0"]
[WhiteElo "2460"]
[BlackElo "2252"]
[Annotator "ChessBase"]
[PlyCount "45"]
[EventDate "2017.??.??"]
[EventType "swiss"]
[EventCountry "POL"]
[SourceTitle "playchess.com"]
[Source "ChessBase"]
[SourceQuality "1"]
[TimeControl "40/5400+30:1800+30"]

1. e4 e5 2. Nf3 Nc6 3. Bb5 a6 4. Ba4 Nf6 5. O-O Nxe4 6. d4 b5 7. Bb3 d5 8. dxe5 Be6 9. c3 Be7 10. Re1 O-O 11. Nd4 Nxd4 12. cxd4 h6 13. Bc2 f5 14. f3 Ng5 15. Nc3 c5 16. Ne2 Rc8 17. Be3 Qb6 18. Kh1 c4 19. Nf4 Qc6 20. Qb1 Bd7 21. h4 Ne6 22. Ng6 Bb4 23. a3 1-0

[Event "XVII MetLife Najdorf Open 2017"]
[Site "Warsaw"]
[Date "2017.07.09"]
[Round "1.42"]
[White "Nasuta, Grzegorz"]
[Black "Yogesh, Gautam"]
[Result "1/2-1/2"]
[WhiteElo "2455"]
[BlackElo "2243"]
[Annotator "ChessBase"]
[PlyCount "60"]
[EventDate "2017.??.??"]
[EventType "swiss"]
[EventCountry "POL"]
[SourceTitle "playchess.com"]
[Source "ChessBase"]
[SourceQuality "1"]
[TimeControl "40/5400+30:1800+30"]

1. e4 e6 2. d4 d5 3. Nc3 Nf6 4. Bg5 Bb4 5. e5 h6 6. Bd2 Bxc3 7. bxc3 Ne4 8. Qg4 Kf8 9. Qf4 c5 10. Bd3 Nxd2 11. Qxd2 Nc6 12. Nf3 c4 13. Be2 b5 14. a3 a5 15. h4 Qe7 16. h5 Ba6 17. g4 Ke8 18. Rg1 Kd7 19. g5 hxg5 20. Qxg5 Rag8 21. Kd2 g6 22. Qxe7+ Nxe7 23. Ng5 Ke8 24. a4 b4 25. Rab1 Nc6 26. f4 gxh5 27. Rh1 h4 28. Rh3 Rh6 29. Rbh1 Rgh8 30. Nf3 Bc8 1/2-1/2

[Event "XVII MetLife Najdorf Open 2017"]
[Site "Warsaw"]
[Date "2017.07.09"]
[Round "1.43"]
[White "Kowalczyk, Rafal"]
[Black "Noe, Christopher"]
[Result "0-1"]
[WhiteElo "2240"]
[BlackElo "2451"]
[Annotator "TA"]
[PlyCount "132"]
[EventDate "2017.??.??"]
[EventType "swiss"]
[EventCountry "POL"]
[SourceTitle "playchess.com"]
[Source "ChessBase"]
[SourceQuality "1"]

{[%evp 18,132,37,14,34,32,18,11,15,0,0,0,0,-20,-10,-14,-4,-21,-27,-20,-16,-16,-16,-14,-17,-64,-17,-76,-78,-77,-54,-100,-82,-108,-116,-127,-128,-118,-43,-54,-21,-20,-23,-181,-175,-175,-131,-164,-170,-168,-122,-127,-121,-135,-122,-132,-93,-108,-103,-139,-105,-112,-53,-54,-27,-43,-29,-29,-36,-35,-38,-56,-56,-58,-59,-62,-42,-55,-45,-44,-33,-47,-46,-98,-87,-110,-110,-186,-176,-136,-169,-185,-129,-144,-159,-164,-157,-123,-133,-124,-150,-237,-203,-265,-259,-670,-652,-1777,-1629,-1495,-1407,-12812,-9572,-29979,-29965,-29989,-29978]} 1. e4 e5 2. Nf3 Nc6 3. Bc4 Bc5 4. c3 Nf6 5. d3 a6 6. a4 O-O 7. O-O d6 8. Re1 {C54: Giuoco Piano: 4 c3 Nf6, main lines with 5 d4 and 5 d3} Ba7 9. h3 Be6 (9... Ne7 10. d4 Ng6 11. Nbd2 c6 12. Bd3 Re8 13. Bc2 h6 14. Nf1 exd4 15. cxd4 {1-0 (40) Kramnik,V (2808)-Carlsen,M (2832) Stavanger 2017}) 10. Nbd2 {[%cal Bb1d2,Bd2f1,Bf1g3][%mdl 32] LiveBook: 4 Games. White is slightly better.} Re8 11. Bxe6 Rxe6 12. Nf1 d5 13. Ng3 $146 ({Predecessor:} 13. Qc2) 13... h6 14. Qc2 Ne7 15. d4 exd4 {With the idea ...dxe4.} 16. e5 Ne4 $36 {[%mdl 2048] Black has the initiative.} 17. Nxe4 dxe4 18. Qxe4 dxc3 19. bxc3 Qd5 20. Rb1 Rb8 21. Nd4 Bxd4 (21... Qxe4 {looks sharper.} 22. Rxe4 Bxd4 23. Rxd4 Rxe5 24. Bf4 Rc5) 22. cxd4 (22. Qxd4 $11 Rg6 23. g3) 22... Qxe4 $17 23. Rxe4 Nd5 {...Nc3 is the strong threat.} 24. Bd2 Rc6 $1 25. Rb3 Rc2 26. Be1 Rc4 27. a5 c5 (27... b5 $17 {Strongly threatening ...c5.} 28. axb6 cxb6) 28. f3 Rxd4 29. Rxd4 cxd4 $15 {[%mdl 4096] Endgame KRB-KRN} 30. Bg3 $2 (30. Bd2 $11) 30... Rc8 $1 $19 31. Rd3 Rc1+ 32. Kf2 Rc2+ 33. Kg1 Ra2 34. Rxd4 Rxa5 35. Be1 Rc5 36. f4 f5 37. exf6 Nxf6 38. Bb4 Rc8 39. g4 Kh7 (39... b6 $1 $17 40. Bd2 Rc5) 40. Kf2 $15 Rc2+ 41. Kf3 Rb2 42. f5 Rb3+ 43. Kg2 Re3 44. Bd2 Re2+ 45. Kf1 Rh2 46. Rd3 Ne4 47. Be1 Rh1+ 48. Ke2 b5 {[%cal Bb7b5,Bb5b4][%mdl 32]} 49. Re3 Nf6 50. Rd3 (50. Bd2 $15) 50... Rh2+ $17 51. Kf1 Ra2 52. Re3 (52. Rb3 $17) 52... a5 $1 $19 53. Re7 b4 {White must now prevent ...b3.} 54. Rb7 Rh2 (54... Ne4 $19 55. Bh4 Rh2) 55. Bg3 Rd2 $1 56. Be5 Rd7 57. Rb8 Nd5 58. Kf2 a4 {[%cal Ba5a4,Ba4a3,Ba3a2][%mdl 32]} 59. h4 (59. Ba1 $17) 59... Re7 $1 {[%cal Re7e5]} 60. Bd6 a3 $1 {[%cal Ra3a2] aiming for ...a2.} 61. g5 $2 {[#]} (61. Ra8 Rd7 62. Bf8) 61... hxg5 $1 {[%mdl 512]} 62. hxg5 {[#]} a2 $1 63. Ra8 {[#]} b3 $1 (63... Rd7 $2 64. Be5 $19) 64. Kf3 {[#]} Re8 $1 {[%mdl 512]} 65. g6+ (65. Rxe8 a1=Q) 65... Kh6 66. Ra4 Kg5 {Precision: White = 40%, Black = 69%.} 0-1

[Event "XVII MetLife Najdorf Open 2017"]
[Site "Warsaw"]
[Date "2017.07.09"]
[Round "1.44"]
[White "Sundararajan, Kidambi"]
[Black "Zochowski, Kacper"]
[Result "1-0"]
[WhiteElo "2444"]
[BlackElo "2240"]
[Annotator "ChessBase"]
[PlyCount "127"]
[EventDate "2017.??.??"]
[EventType "swiss"]
[EventCountry "POL"]
[SourceTitle "playchess.com"]
[Source "ChessBase"]
[SourceQuality "1"]
[TimeControl "40/5400+30:1800+30"]

1. Nf3 Nf6 2. d4 d5 3. c4 e6 4. g3 Bb4+ 5. Nbd2 O-O 6. Bg2 b6 7. O-O Bb7 8. cxd5 exd5 9. Ne5 Nbd7 10. Qa4 Bxd2 11. Nxd7 Qxd7 12. Qxd7 Nxd7 13. Bxd2 Rfe8 14. e3 c6 15. Rac1 f5 16. Rc2 Nf6 17. Rfc1 Rac8 18. Bb4 Re6 19. a4 a6 20. Ba3 g6 21. Rc3 Ne4 22. Rb3 b5 23. Bb4 Ra8 24. Be1 Ree8 25. Ra3 Kf7 26. Bf1 Ke6 27. Be2 Kd7 28. g4 Nd6 29. Kf1 Rf8 30. Bb4 Rf7 31. gxf5 Nxf5 32. Ke1 a5 33. Bc5 b4 34. Raa1 h5 35. Bd3 Ba6 36. Bxa6 Rxa6 37. Ke2 Ra8 38. Rg1 Rf6 39. Rg5 Nh4 40. Rh1 Re8 41. b3 Kc7 42. h3 Ree6 43. Re5 Nf5 44. Rg1 Nd6 45. Bxd6+ Kxd6 46. f4 Kc7 47. h4 Kb6 48. Rgg5 Rxe5 49. fxe5 Re6 50. e4 Kc7 51. Ke3 Kb7 52. Rg1 Kc7 53. Rc1 dxe4 54. Kxe4 Kb6 55. Rf1 Re8 56. Rf6 Kc7 57. Rxg6 Rf8 58. Rg7+ Kb6 59. e6 Rf1 60. Ke5 Re1+ 61. Kd6 Rd1 62. e7 Rxd4+ 63. Ke5 Rd1 64. Rg8 1-0

[Event "XVII MetLife Najdorf Open 2017"]
[Site "Warsaw"]
[Date "2017.07.09"]
[Round "1.45"]
[White "Michalczak, Thomas"]
[Black "Jarmula, Lukasz"]
[Result "1/2-1/2"]
[WhiteElo "2239"]
[BlackElo "2444"]
[Annotator "ChessBase"]
[PlyCount "120"]
[EventDate "2017.??.??"]
[EventType "swiss"]
[EventCountry "POL"]
[SourceTitle "playchess.com"]
[Source "ChessBase"]
[SourceQuality "1"]
[TimeControl "40/5400+30:1800+30"]

1. e4 c5 2. c3 Nf6 3. e5 Nd5 4. Nf3 d6 5. d4 cxd4 6. cxd4 Nc6 7. Bc4 Nb6 8. Bb5 dxe5 9. Nxe5 Bd7 10. Nxd7 Qxd7 11. Nc3 e6 12. O-O Rc8 13. Be3 a6 14. Be2 Be7 15. Qb3 Nb4 16. Bf3 N4d5 17. Nxd5 Nxd5 18. Bxd5 Qxd5 19. Qxd5 exd5 20. Rfc1 Kd7 21. Kf1 f5 22. Ke2 Bd6 23. Rxc8 Rxc8 24. Rc1 Re8 25. Kd3 f4 26. Bd2 g5 27. h3 h5 28. f3 Rg8 29. Rh1 Ke6 30. a3 Kd7 31. Re1 g4 32. hxg4 hxg4 33. fxg4 Rxg4 34. Re2 Kc6 35. Be1 Rg6 36. a4 Kd7 37. b3 Rh6 38. Bd2 Rh1 39. Rf2 Rh4 40. Re2 Rg4 41. Bc1 Rg3+ 42. Kc2 Kc6 43. Rf2 Rg4 44. Kd3 b5 45. axb5+ Kxb5 46. Bd2 a5 47. Kc2 a4 48. bxa4+ Kxa4 49. Kd3 Rg3+ 50. Rf3 Rxg2 51. Bxf4 Bxf4 52. Rxf4 Rg3+ 53. Kd2 Kb3 54. Rh4 Kc4 55. Rf4 Rg2+ 56. Kd1 Kd3 57. Rf3+ Kxd4 58. Rh3 Ke4 59. Ra3 d4 60. Rh3 d3 1/2-1/2

[Event "XVII MetLife Najdorf Open 2017"]
[Site "Warsaw"]
[Date "2017.07.09"]
[Round "1.46"]
[White "Nguyen, Piotr"]
[Black "Szadkowski, Kamil"]
[Result "0-1"]
[WhiteElo "2444"]
[BlackElo "2237"]
[Annotator "TA"]
[PlyCount "52"]
[EventDate "2017.??.??"]
[EventType "swiss"]
[EventCountry "POL"]
[SourceTitle "playchess.com"]
[Source "ChessBase"]
[SourceQuality "1"]

{[%evp 9,52,38,40,35,49,43,52,52,52,35,58,37,62,39,37,35,40,31,50,20,41,2,0,-18,32,25,21,-95,-95,-84,-75,-162,-176,-179,-147,-185,-183,-200,-207,-206,-198,-180,-184,-29985,-6955]} 1. d4 Nf6 2. Bg5 Ne4 3. Bf4 e6 4. Nd2 (4. e3 d5 5. Bd3 Bd6 6. Bxe4 Bxf4 7. exf4 dxe4 8. Nc3 Nc6 9. Nge2 f5 10. Qd2 O-O 11. O-O-O a5 12. h3 a4 13. a3 b5 {½-½ (58) Vitiugov,N (2726)-Grandelius,N (2643) Doha 2016}) 4... Bd6 5. Bxd6 Nxd6 6. e4 {A45: Trompowsky Attack} f5 7. Bd3 O-O 8. Qe2 $146 {White is slightly better.} ({Predecessor:} 8. Ngf3 Nc6 9. e5 Nf7 10. c3 b6 11. Qc2 d6 12. exd6 cxd6 {1-0 (54) Dauenheimer,T (2113)-Esprit,Y (2178) Germany 2005}) 8... b6 9. Ngf3 Bb7 10. O-O-O Nc6 11. c3 Ne7 12. e5 Nf7 13. Rhg1 Nd5 14. Bb1 Nh6 15. h3 c5 (15... Nf4 $5 {[%cal Rf4e2]} 16. Qe3 g5 $11) 16. c4 Ba6 (16... Nf4 $5 {[%cal Rf4e2]} 17. Qe3 g5 $11) 17. dxc5 Rc8 {[%cal Ba8c8,Bc8c5,Bc5e5,Be5f5][%mdl 32]} 18. Nd4 (18. Nb3 $1 $11 {keeps the balance.}) 18... Rxc5 $17 19. Bc2 Qc7 20. g4 (20. g3 $17 {was worth a try.}) 20... Nb4 $19 21. gxf5 Nxc2 ({Not} 21... Bxc4 22. Nxc4 Rxc4 23. f6 $14) ({Don't do} 21... Nxf5 22. Bxf5 exf5 23. f4 $15) 22. Kxc2 {[#] f6 is the strong threat.} Rxe5 23. Qd3 Nxf5 24. Nxf5 Rexf5 ({Resist} 24... exf5 25. Rde1 $17) 25. Kb1 d5 26. cxd5 $2 {[#]} (26. Qg3 $19 Qf7 27. cxd5 exd5 28. f3) 26... Bxd3+ {Precision: White = 41%, Black = 61%.} 0-1

[Event "XVII MetLife Najdorf Open 2017"]
[Site "Warsaw"]
[Date "2017.07.09"]
[Round "1.47"]
[White "Sahil, Tickoo"]
[Black "Shvayger, Yuliya"]
[Result "1/2-1/2"]
[WhiteElo "2234"]
[BlackElo "2434"]
[Annotator "ChessBase"]
[PlyCount "81"]
[EventDate "2017.??.??"]
[EventType "swiss"]
[EventCountry "POL"]
[SourceTitle "playchess.com"]
[Source "ChessBase"]
[SourceQuality "1"]
[TimeControl "40/5400+30:1800+30"]

1. d4 Nf6 2. Bf4 e6 3. Nf3 b6 4. e3 Bb7 5. Nbd2 Be7 6. h3 O-O 7. Bd3 c5 8. c3 cxd4 9. cxd4 a6 10. O-O Nc6 11. a3 b5 12. Qe2 Qb6 13. Rfc1 d6 14. Bg5 Rfc8 15. Rc2 h6 16. Bh4 Rc7 17. Rac1 Rac8 18. Bg3 Na5 19. Rxc7 Rxc7 20. Rxc7 Qxc7 21. Qd1 Bd5 22. Qc2 Qxc2 23. Bxc2 Kf8 24. Kf1 Ke8 25. Ke2 Kd7 26. e4 Bb7 27. Bf4 Nc4 28. Nxc4 bxc4 29. Nd2 d5 30. f3 Bc6 31. g4 Bd8 32. e5 Ne8 33. Nb1 Be7 34. Be3 Nc7 35. Nc3 Nb5 36. Nxb5 Bxb5 37. Kd2 Bd8 38. Kc1 Bh4 39. Kd2 Bd8 40. Kc1 Be7 41. Kd2 1/2-1/2

[Event "XVII MetLife Najdorf Open 2017"]
[Site "Warsaw"]
[Date "2017.07.09"]
[Round "1.48"]
[White "Percivaldi, Martin"]
[Black "Dzierzak, Radoslaw"]
[Result "1/2-1/2"]
[WhiteElo "2433"]
[BlackElo "2231"]
[Annotator "TA"]
[PlyCount "84"]
[EventDate "2017.??.??"]
[EventType "swiss"]
[EventCountry "POL"]
[SourceTitle "playchess.com"]
[Source "ChessBase"]
[SourceQuality "1"]

{[%evp 11,84,32,44,52,62,53,66,68,99,99,108,101,106,106,102,14,33,32,33,33,32,34,48,39,55,53,67,28,34,0,65,43,56,37,80,72,41,49,43,0,327,25,151,144,144,141,135,35,64,34,53,-187,-182,-184,-183,-197,-196,-213,-210,-196,-211,-194,-125,-125,-125,-125,0,0,0,0,0,0,0,0,0]} 1. d4 Nf6 2. c4 e6 3. Nf3 Bb4+ 4. Nbd2 d6 5. g3 O-O 6. Bg2 Nc6 7. O-O {E11: Bogo-Indian} e5 8. d5 Nb8 (8... Ne7 9. Nb3 b6 10. a3 Bc5 11. Nxc5 bxc5 12. b4 Nd7 13. Ne1 a5 14. bxc5 Nxc5 15. Nd3 Nxd3 16. Qxd3 Qe8 17. Bd2 Qa4 18. Rfc1 Ba6 19. Qc3 Rfc8 20. Bh3 f5 21. Bg5 {1-0 (21) Rahman,Z (2511)-Abdulla,A (2514) Dhaka 2008}) 9. Nb3 {White is slightly better.} b6 $146 ({Predecessor:} 9... Nbd7 10. a3 Bc5 11. Nxc5 Nxc5 12. b4 Ncd7 13. Qc2 b6 14. e4 Qe7 {1-0 (48) Gokhale,A (2188)-Panggabean,H (2222) Singapore 2004}) 10. a3 Bc5 11. Nxc5 bxc5 12. b4 Nbd7 13. Be3 (13. Nd2 $16) 13... Ng4 14. Bg5 f6 15. Bd2 e4 $1 {[%cal Re4f3]} 16. Nh4 e3 17. fxe3 a5 18. bxa5 Nde5 19. Rc1 Ba6 20. Bh3 Nh6 ({Better is} 20... Qe8 $11) 21. Be6+ Nhf7 22. Qb3 Rb8 23. Qa2 Qe8 24. a4 Kh8 25. Nf3 Ng5 $2 {[%mdl 8192] [#]} (25... Nxf3+ $1 $11 26. exf3 Ng5) 26. Nxe5 $2 (26. Nxg5 $1 $18 fxg5 27. Bc3) 26... fxe5 (26... Nxe6 $11 27. Nf3 (27. dxe6 dxe5 28. Qa3 Qxe6 $14) 27... Nd8) 27. Rxf8+ $16 Qxf8 28. Rf1 Qe8 29. Bf5 (29. Bg4 $16) 29... Qh5 $14 30. Bc3 Rf8 $1 {[%cal Rf8f5] [#] aiming for ...Rxf5!} 31. h4 $2 (31. Qb2 $1 $14 {keeps the upper hand.}) 31... Rxf5 $1 $19 32. hxg5 Qxg5 33. Rxf5 {[%cal Rf5f8]} Qxg3+ 34. Kf1 {[%cal Rf5f8]} Qh3+ 35. Ke1 {[%cal Rf5f8]} Qxf5 36. Qb3 Qf8 (36... h6 $19 {Threatens to win with ...Qg4.} 37. Qb8+ Kh7) 37. e4 h6 38. Bd2 g5 (38... Qf6 $17 {And now ...Qh4+ would win.} 39. Qf3 Qh4+ 40. Kd1 Kg8) 39. Qh3 $1 $11 {next Bxg5 is good for White.The position is equal.} Bc8 40. Qb3 $1 Ba6 41. Qh3 $1 {Black should prevent Bxg5.} Bc8 42. Qb3 $1 Ba6 {Precision: White = 45%, Black = 61%.} 1/2-1/2

[Event "XVII MetLife Najdorf Open 2017"]
[Site "Warsaw"]
[Date "2017.07.09"]
[Round "1.50"]
[White "Janik, Igor"]
[Black "Kowalski, Igor"]
[Result "1-0"]
[WhiteElo "2425"]
[BlackElo "2226"]
[Annotator "TA"]
[PlyCount "73"]
[EventDate "2017.??.??"]
[EventType "swiss"]
[EventCountry "POL"]
[SourceTitle "playchess.com"]
[Source "ChessBase"]
[SourceQuality "1"]

{[%evp 17,73,8,19,12,13,6,15,-10,-8,-55,-19,-170,-142,-151,-138,-168,-94,-115,-54,-89,-56,-47,47,34,45,33,40,65,69,-66,-58,-104,-92,-104,-96,-97,0,0,0,0,107,94,110,93,183,187,181,155,415,386,778,715,762,611,1157,1081,5512,5502]} 1. e4 e5 2. Nf3 Nc6 3. Bb5 a6 4. Ba4 Nf6 5. O-O Be7 6. Re1 b5 7. Bb3 O-O 8. c3 d5 9. d4 exd4 10. e5 {C89: Closed Ruy Lopez: Marshall Attack} Ne4 $1 11. cxd4 Bg4 12. Be3 {The position is equal.} (12. Nc3 $5 {[%cal Rc3d5]} Bb4 13. Qd3 $11) 12... Na5 13. Bc2 f5 14. Bd3 $2 {[#]} (14. exf6 $1 $11 {and White has nothing to worry.} Bxf6 15. h3 Bxf3 16. gxf3) 14... Nc4 $1 $19 15. Bc1 c5 {[#]} 16. b3 $146 ({Predecessor:} 16. Be2 cxd4 17. Nxd4 Bc5 18. Nc3 Nxf2 19. Kxf2 Qb6 20. Be3 f4 21. Nxd5 fxe3+ 22. Kg1 Bxe2 23. Rxe2 Qh6 {½-½ (23) Kuzmin,G (2560)-Nunn,J (2440) Budapest 1978}) 16... Nb6 (16... cxd4 $19 {...Nxe5! is the strong threat.} 17. bxc4 bxc4) 17. Be2 $17 Bxf3 (17... Rc8 $17) 18. Bxf3 $15 cxd4 (18... Rc8 {is more complex.} 19. Bb2 cxd4 20. Bxd4 Re8 21. a4 Bb4) 19. Ba3 Ng5 (19... b4 $15 20. Bb2 Bc5 21. Bxd4 Qe7) 20. Bxe7 $14 Qxe7 21. Qxd4 Nxf3+ 22. gxf3 Qe6 23. Nd2 ({White should try} 23. f4 $14) 23... f4 $1 $15 24. Rac1 Nd7 25. Kh1 Rf5 26. Rc7 Nxe5 (26... Raf8 $17 27. Qa7 Rd8) 27. Re7 $1 $11 {[%cal Re7e6]} Qxe7 28. Qxd5+ Qf7 (28... Kf8 $1 $11 29. Qxa8+ Qe8 30. Qxa6 Qd7) 29. Qxa8+ $16 Qf8 30. Qxa6 {Threatens to win with Qe6+.} Nd3 (30... Qe8 $16) 31. Qe6+ $18 Rf7 {[#]} 32. Re2 $1 {Strongly threatening Qc6.} Nc1 $2 (32... Qc5 $16 {was worth a try.}) 33. Re5 g6 $2 (33... Nd3 34. Rxb5 Kh8) 34. Ne4 {White is clearly winning.} Kg7 35. Rxb5 Nxa2 36. Qe5+ Kg8 37. Rb8 {Precision: White = 60%, Black = 34%.} 1-0

[Event "XVII MetLife Najdorf Open 2017"]
[Site "Warsaw"]
[Date "2017.07.09"]
[Round "1.51"]
[White "Khalafova, Narmin"]
[Black "Hnydiuk, Aleksander"]
[Result "1/2-1/2"]
[WhiteElo "2224"]
[BlackElo "2422"]
[Annotator "ChessBase"]
[PlyCount "44"]
[EventDate "2017.??.??"]
[EventType "swiss"]
[EventCountry "POL"]
[SourceTitle "playchess.com"]
[Source "ChessBase"]
[SourceQuality "1"]
[TimeControl "40/5400+30:1800+30"]

1. e4 c5 2. Nf3 d6 3. Bb5+ Bd7 4. c4 Nf6 5. Nc3 g6 6. O-O Bg7 7. d4 cxd4 8. Nxd4 O-O 9. h3 Nc6 10. Bxc6 bxc6 11. c5 dxc5 12. Nb3 Be6 13. Nxc5 Bc4 14. Re1 Qxd1 15. Rxd1 Rfd8 16. Be3 Ne8 17. Rxd8 Rxd8 18. Rc1 f5 19. b3 Bf7 20. N3a4 Nd6 21. f3 Nb5 22. Kf1 Be5 1/2-1/2